1046 1909 1768 1772 1848 1349 1916 1623 1982 1668 1160 1547 1294 1919 1174 1570 1179 1005 1918 1521 1436 1275 1537 1471 1507 1727 1274 1710 1344 1081 1866 1740 1130 1992 1524 1814 1383 1312 1988 1439 1922 1162 1440 1764 1501 1303 1496 1411 1789 1675 1916 1272 1578 1218 1368 1059 1823 1485 1093 1047 1093 1961 1393 1216 1775 1495 1379 1989 1353 1521 1865 1009 1802 1951 1744 1488 1348 1427 1821 1924 1534 1285 1186 1870 1482 1260 1971 1034 1765 1667 1984 1345 1603 1072 1415 1018 1415 1862 1578 BCNSPRNW ULIB Ver.6.0+V

เปลี่ยนเป็นภาษาไทย

Change to English
 แสดงรายละเอียดบรรณานุกรม
  กลับหน้าหลัก

Brief Record : Get Marc (ISO 2709) : E-mail record : QR code < ปิดหน้าต่าง
LEADER : 00000nam 2200000uu 4500
001    13399121190
003     ULIB
008    121108s2550||||th 000 0 tha d
020    ^a9747195518
050 04 ^aLB2369^bม161
100 0  ^aมนสิช สิทธิสมบูรณ์
245 10 ^aชุดฝึกปฏิบัติการเหนือตำรา :^bการทำวิจัยในชั้นเรียน /^cมนสิช สิทธิสมบูรณ์
250    ^aพิมพ์ครั้งที่ 3
260    ^aพิษณุโลก :^bคณะศึกษาศาสตร์ มหาวิทยาลัยนเรศวร,^c2550
300    ^a69 หน้า ;^c30 ซม
650  7 ^aวิจัยเชิงปฏิบัติการ
650  7 ^aขั้นเรียน^xวิจัย
945    ^p143^l0^i16495
995    ^aวิภา
999 ^a ทศพร
รายการนี้ยังไม่มีแท็ก
คุณยังไม่ได้ล็อกอิน คุณสามารถมีกิจกรรมร่วมกับเว็บไซต์ได้ แต่ต้องล็อกอินก่อน ::
  ล็อกอิน

รายการสื่อสารสนเทศ

ลำดับที่ ประเภท เลขเรียก/บาร์โค้ด สถานที่ สถานะ
1. วิทยาศาสตร์การแพทย์ และสุขภาพ
วิทยาศาสตร์การแพทย์ และสุขภาพ
LB2369 ม161  
  Barcode: 16495
ห้องสมุดวิทยาเขตสวรรค์ประชารักษ์
►หนังสือทั่วไป
บนชั้น

รายการใกล้เคียง
    ผู้แต่ง [มนสิช สิทธิสมบูรณ์]

    หัวเรื่อง [วิจัยเชิงปฏิบัติการ]

BibComment


ยังไม่เคยถูกคอมเมนท์

คอมเมนท์ทรัพยากรรายการนี้
  คอมเมนท์: ชุดฝึกปฏิบัติการ..


 Copyright 2026. Bcnsprnw @Library